[Event "Nis Svetosavski op"]
[Site "Nis"]
[Date "2012.02.25"]
[Round "3"]
[White "Tosic, Dragoljub"]
[Black "Mladenovic, Stefan"]
[Result "0-1"]
[WhiteElo "1997"]
[BlackElo "2181"]
[PlyCount "80"]
[EventDate "2012.02.24"]
[EventType "swiss"]
[EventRounds "5"]
[EventCountry "SRB"]
[SourceTitle "CBM 147 Extra"]
[Source "ChessBase"]
[SourceDate "2012.04.24"]
[SourceVersion "1"]
[SourceVersionDate "2012.04.24"]
[SourceQuality "1"]

1. d4 Nf6 2. Nf3 e6 3. Nbd2 c5 4. e3 b6 5. c3 cxd4 6. cxd4 Bb7 7. Bd3 Be7 8. 0-0 0-0 9. b3 d6 10. Ba3 e5 11. dxe5 dxe5 12. Bxe7 Qxe7 13. e4 Nbd7 14. Qe2 Nc5 15. Bc2 Rac8 16. Rac1 Ne6 17. Bb1 Nf4 18. Qb5 a6 19. Qxb6 Ne2+ 20. Kh1 Rxc1 21. Rxc1 Nxc1 22. Qe3 Ng4 23. Qe1 Qc5 24. Kg1 Rd8 25. h3 Nf6 26. Nc4 Nd3 27. Bxd3 Rxd3 28. Qe2 Bxe4 29. Ng5 Qd4 30. Kh2 h6 31. Nf3 Bxf3 32. gxf3 Qf4+ 33. Kg2 Qg5+ 34. Kh2 Rc3 35. Nxe5 Rc1 36. Ng4 Nxg4+ 37. fxg4 Qd5 38. f3 Rd1 39. Kg3 Qd6+ 40. f4 Qd3+ 0-1